<?xml version="1.0" encoding="UTF-8"?>
<collection xmlns:xsi="http://www.w3.org/2001/XMLSchema-instance" xsi:schemaLocation="http://www.loc.gov/MARC21/slim http://www.loc.gov/standards/marcxml/schema/MARC21slim.xsd" xmlns="http://www.loc.gov/MARC21/slim">
 <record>
  <leader>00000cmm a22000004a 4500</leader>
  <controlfield tag="001">UP-99796217611212095</controlfield>
  <controlfield tag="003">Buklod</controlfield>
  <controlfield tag="005">20140424082243.0</controlfield>
  <controlfield tag="006">m    go  j        </controlfield>
  <controlfield tag="007">cr |na|||uaa|u</controlfield>
  <controlfield tag="008">110423s2011    xx         u        eng d</controlfield>
  <datafield tag="020" ind1=" " ind2=" ">
   <subfield code="a">9782817801698 (eBook)</subfield>
  </datafield>
  <datafield tag="020" ind1=" " ind2=" ">
   <subfield code="a">2817801695 (eBook)</subfield>
  </datafield>
  <datafield tag="035" ind1=" " ind2=" ">
   <subfield code="a">(iLib)UPD-00214608255</subfield>
  </datafield>
  <datafield tag="040" ind1=" " ind2=" ">
   <subfield code="a">DLC</subfield>
   <subfield code="d">DML</subfield>
  </datafield>
  <datafield tag="041" ind1="0" ind2=" ">
   <subfield code="a">eng</subfield>
  </datafield>
  <datafield tag="042" ind1=" " ind2=" ">
   <subfield code="a">DMLUC</subfield>
  </datafield>
  <datafield tag="084" ind1=" " ind2=" ">
   <subfield code="a">TS 171.4</subfield>
   <subfield code="b">R47 2011 v.3eb</subfield>
  </datafield>
  <datafield tag="245" ind1="0" ind2="0">
   <subfield code="a">Research in interactive design.</subfield>
   <subfield code="n">Vol. 3</subfield>
   <subfield code="p">Virtual, interactive and integrated product design and manufacturing for industrial innovation</subfield>
   <subfield code="h">[electronic resource]</subfield>
   <subfield code="c">Xavier Fischer, Jean-Pierre Nadeau [eds.].</subfield>
  </datafield>
  <datafield tag="246" ind1="3" ind2=" ">
   <subfield code="a">Virtual, interactive and integrated product design and manufacturing for industrial innovation Research in interactive design. Volume 3</subfield>
  </datafield>
  <datafield tag="264" ind1=" " ind2="1">
   <subfield code="a">Paris</subfield>
   <subfield code="a">New York</subfield>
   <subfield code="b">Springer</subfield>
   <subfield code="c">c2011.</subfield>
  </datafield>
  <datafield tag="300" ind1=" " ind2=" ">
   <subfield code="a">1 online resource (xi, 146 p.)</subfield>
  </datafield>
  <datafield tag="505" ind1="0" ind2=" ">
   <subfield code="a">Integrated design and manufacturing in mechanical engineering -- Interactive product design -- Green engineering, design and innovation -- Global design and manufacturing -- Virtual environments and prototyping for human health and safety -- Product and interaction design environments for the future -- TRIZ and intellectual property management -- Methods and simulation tools for assembly design and manufacturing -- European qualification and certification for the lifelong learning.</subfield>
  </datafield>
  <datafield tag="506" ind1=" " ind2=" ">
   <subfield code="a">IP-based subscription, access limited to within on campus computer network.</subfield>
   <subfield code="c">Access via Electronic Resources  of the UPD University Library Website.</subfield>
  </datafield>
  <datafield tag="520" ind1=" " ind2=" ">
   <subfield code="a">Research in Interactive Design (vol. 3) presents an in-depth study of new product design methods. Interactive design is an original structured design approach that has recently emerged from transversal research. On the research side, the topic of interactive design is the fruitful result of sophisticated joint studies combining specific numerical engineering theories, original development in design science and industrial engineering, new discoveries in mechatronics and advanced mechanical engineering methods. Additionally, industry benefits from interactive design instruments. Interactive design is a constructive approach that tends to ensure innovation by improving user-integration in the design process, fostering the development of virtual prototypes and providing new powerful ways for collaborative design activities. Interactive design instruments are seen as the extension of traditional CAD tools. This book provides an accurate overview of the recent research or industrial application in interactive design. The different arguments, taken from the international conference Virtual Concept 2010, will provide the reader with some advanced solutions concerning new methods and tools by discussing: - modelling techniques: new techniques ensuring the development of high qualified, up-dated and reduced models being able to represent the behaviour of a process or a product in its environment; - design solution space exploration: specific instruments dedicated to the identification of suitable design solutions and their virtual representation allowing engineers to have interaction with the virtual worlds; - interactive process organization: studies highlighting the basic evolutions of a process integrating new instruments of interactive design. Each subsequent part of the book addresses both advanced techniques and industrial applications of the latest successful research in interactive design. The solutions presented are enhanced by demonstrations of real industrial problem-solving. The different chapters strongly highlight novel solutions for supporting decision-making in a huge field of engineering: product design, manufacturing and assembly, training and risk prevention, Robotics, design for customers, mechanical engineering, etc. In this book, whether a researcher or an industrialist, the reader will find the most recent interactive design techniques and is sure to extract some significant concepts.</subfield>
  </datafield>
  <datafield tag="533" ind1=" " ind2=" ">
   <subfield code="a">Electronic reproduction.</subfield>
   <subfield code="b">New York</subfield>
   <subfield code="c">SpringerLink</subfield>
   <subfield code="d">2011.</subfield>
   <subfield code="n">Available via World Wide Web through SpringerLink.</subfield>
  </datafield>
  <datafield tag="650" ind1=" " ind2="0">
   <subfield code="a">Product design</subfield>
   <subfield code="x">Effect of technological innovations on.</subfield>
  </datafield>
  <datafield tag="650" ind1=" " ind2="0">
   <subfield code="a">Virtual reality</subfield>
   <subfield code="x">Industrial applications.</subfield>
  </datafield>
  <datafield tag="650" ind1=" " ind2="0">
   <subfield code="a">Industrial designers</subfield>
   <subfield code="x">Effect of technological innovations on.</subfield>
  </datafield>
  <datafield tag="650" ind1=" " ind2="0">
   <subfield code="a">Electronic books.</subfield>
  </datafield>
  <datafield tag="700" ind1="1" ind2=" ">
   <subfield code="a">Fischer, Xavier.</subfield>
  </datafield>
  <datafield tag="700" ind1="1" ind2=" ">
   <subfield code="a">Nadeau, Jean-Pierre.</subfield>
  </datafield>
  <datafield tag="710" ind1="2" ind2=" ">
   <subfield code="a">SpringerLink (Online service).</subfield>
  </datafield>
  <datafield tag="856" ind1="4" ind2="0">
   <subfield code="y">Available for University of the Philippines Diliman via SpringerLink. Click here to access</subfield>
   <subfield code="u">http://dx.doi.org/10.1007/978-2-8178-0169-8</subfield>
  </datafield>
  <datafield tag="905" ind1=" " ind2=" ">
   <subfield code="a">FO</subfield>
  </datafield>
  <datafield tag="950" ind1=" " ind2=" ">
   <subfield code="a">Monograph</subfield>
  </datafield>
  <datafield tag="852" ind1="0" ind2=" ">
   <subfield code="a">UPD</subfield>
   <subfield code="b">DMLR</subfield>
  </datafield>
  <datafield tag="942" ind1=" " ind2=" ">
   <subfield code="a">Electronic Resource</subfield>
  </datafield>
 </record>
</collection>
